Noem de 122 werkwoorden die beginnen met de letter E - Statistieken

Algemene statistieken
  • Deze quiz is 22 keer genomen
  • De gemiddelde score is 7 van 122
Antwoordstatistieken
Antwoord % Correct
eten
89%
eren
47%
eisen
37%
ebben
32%
ergeren
32%
emmeren
26%
etsen
26%
evenaren
26%
effenen
21%
eggen
21%
enteren
21%
erven
21%
egaliseren
16%
excelleren
16%
echten
11%
eindigen
11%
elimineren
11%
emaneren
11%
enerveren
11%
enten
11%
epileren
11%
erkennen
11%
ervaren
11%
etaleren
11%
evalueren
11%
evolueren
11%
exalteren
11%
examineren
11%
expatriëren
11%
extraheren
11%
echelonneren
5%
echoën
5%
editen
5%
e-mailen
5%
emailleren
5%
emanciperen
5%
emigreren
5%
emitteren
5%
emulgeren
5%
eroderen
5%
escaleren
5%
escorteren
5%
etiketteren
5%
evaporeren
5%
excommuniceren
5%
expediëren
5%
experimenteren
5%
expliqueren
5%
exploderen
5%
exploreren
5%
exporteren
5%
exposen
5%
exposeren
5%
extrapoleren
5%
earmarken
0%
ecarteren
0%
eclipseren
0%
e-commercen
0%
economiseren
0%
edgen
0%
eenendertigen
0%
eenentwintigen
0%
eerbiedigen
0%
effectueren
0%
egosurfen
0%
egotrippen
0%
ejecten
0%
e-learnen
0%
elektrificeren
0%
elektriseren
0%
elektrocuteren
0%
emballeren
0%
embarkeren
0%
embossen
0%
emenderen
0%
emotioneren
0%
empoweren
0%
enablen
0%
encadreren
0%
encoden
0%
encrypten
0%
endosseren
0%
engageren
0%
engineeren
0%
enhancen
0%
enquêteren
0%
enrollen
0%
ensceneren
0%
entameren
0%
entertainen
0%
enthousiasmeren
0%
entraineren
0%
epateren
0%
equalizen
0%
equiperen
0%
erasen
0%
erbarmen
0%
e-readen
0%
eruitzien
0%
escapen
0%
essayeren
0%
establishen
0%
e-tailen
0%
evacueren
0%
evangeliseren
0%
eventen
0%
evoceren
0%
evoqueren
0%
excerperen
0%
exciteren
0%
excuseren
0%
executeren
0%
exerceren
0%
exercisen
0%
exhiberen
0%
existeren
0%
expanderen
0%
expireren
0%
expliceren
0%
expliciteren
0%
exploiteren
0%
exponeren
0%
Geen overeenkomende quizzen gevonden
Scoreverdeling
Procent van Mensen met Elke Score
Percentiel versus Aantal Correcte Antwoorden
Uw Scoregeschiedenis
U heeft deze quiz nog niet genomen